000 01080nam0a2200289 4500
001 RU\NLR\bibl\1980911
005 20260408194535.0
010 _a978-5-699-58917-3
_91500
021 _aRU
_b2012-79179
_9570д/12
035 _a(NLR Aleph) 001969596
090 _a3937012
_c3937012
100 _a20121219d2012 u y0rusy50 ca
101 0 _arus
102 _aRU
105 _aa |||||||||
200 1 _aИстребители Второй Мировой
_eсамая полная энциклопедия
_e120 типов боевых самолетов 15 стран
_fАндрей Харук
210 _aМосква
_cЭксмо
_cЯуза-Пресс
_d2012
215 _a366 с.
_cил.
_d27
320 _aБиблиогр.: с. 366
606 _aИстребители (авиац.)
_z1939 - 1945
_jЭнциклопедии
_3RU\NLR\auth\661366723
_92281200
686 _aЦ651.111.1г(0)я20
700 1 _aХарук
_bА. И.
_gАндрей Иванович
_4070
801 0 _aRU
_bNLR
_c20121219
_gRCR
801 1 _aRU
_bNLR
_c20121219
942 _cBOOK
980 _aNBR
980 _aNB